Dingbats - London Underground Stations - Statistics

General Stats
  • This quiz has been taken 226 times
  • The average score is 12 of 20
Answer Stats
Picture Answer % Correct
Elephant and Castle
95%
Russell Square
91%
Brent Cross
86%
Limehouse
85%
Barking
83%
Bond Street
83%
Canada Water
75%
Vauxhall
71%
Oval
69%
Bow Road
60%
Cyprus
58%
Highgate
55%
Burnt Oak
47%
West Ham
45%
Redbridge
42%
Wood Green
38%
Blackwall
25%
Maryland
25%
Seven Kings
21%
Hornchurch
18%
No matching quizzes found
Score Distribution
Percent of People with Each Score
Percentile by Number Answered
Your Score History
You have not taken this quiz